| 000 | 00803nam a2200193 i 4500 | ||
|---|---|---|---|
| 001 | 147834 | ||
| 003 | ES-MaACL | ||
| 005 | 20230906202259.0 | ||
| 007 | t| | ||
| 008 | 071005s1974 sp ||||1| spa d | ||
| 100 | 1 |
_aUtrera Molina, José. _9112333 |
|
| 245 | 1 | 0 |
_aDerecho a la esperanza : _bpalabras del ministro secretario general del Movimiento, en el acto de toma de posesión de los mandos nacionales, celebrado en la sede del Consejo Nacional el 16 de enero de 1974 / _cJosé Utrera Molina. |
| 260 |
_aMadrid : _bEdiciones del Movimiento, _c1974. |
||
| 300 |
_a21 p. : _bil. ; _c21 cm. |
||
| 651 | 4 |
_aEspaña- _xHistoria- _y1955-1975. _98337 |
|
| 710 | 2 |
_aMovimiento Nacional (España). _bConsejo Nacional. _95778 |
|
| 710 | 2 |
_aEdiciones del Movimiento. _9171800 |
|
| 852 |
_aES-MaACL _j2085-F-12 |
||
| 999 |
_c147834 _d147834 |
||